000 004230000a22001690004500
003 MACL
005 20160108123726.0
008 160108b xxu||||| |||| 00| 0 eng d
040 _aMACL
_cMACL
041 _aEnglish
082 _a920/CAN
100 _aCanning, John
_99020
245 _aIoo Great Modern Lives
260 _bAsia Publishing House
_c1965
_aBritain
650 _aBiography
_929591
942 _cBK
_k920/CAN
_2ddc
999 _c35938
_d35938